Statistics for Mt Joy - Dirty Love Lyrics

Click here to take the quiz!

General Stats

  • This quiz has been taken 15 times
  • The average score is 128 of 203

Answer Stats

HintAnswer% Correct
| !I
100%
know
100%
you
100%
a
90%
dirty
90%
Dirty
90%
do
90%
don't
90%
love
90%
Love
90%
to
90%
all
80%
And
80%
and
80%
but
80%
But
80%
in
80%
it
80%
much
80%
think
80%
too
80%
we
80%
oh
70%
the
70%
up
70%
When
70%
who
70%
your
70%
are
60%
dream
60%
eyes
60%
hotel
60%
is
60%
lobby
60%
me
60%
mine
60%
of
60%
on
60%
real
60%
really
60%
reason
60%
saw
60%
want
60%
Young
60%
young
60%
ask
50%
can't
50%
come
50%
cover
50%
did
50%
dim
50%
ever
50%
get
50%
its
50%
little
50%
need
50%
road
50%
shooters
50%
since
50%
So
50%
until
50%
us
50%
was
50%
what
50%
been
40%
bleed
40%
bones
40%
control
40%
even
40%
Hallelujah's
40%
hurt
40%
if
40%
I've
40%
last
40%
Lets
40%
met
40%
No
40%
or
40%
our
40%
ourselves?
40%
save
40%
see
40%
skin
40%
unable
40%
underneath
40%
we're
40%
wonder
40%
any
30%
feel
30%
Lord
30%
they
30%
thought
30%
thousand
30%
enough
20%
hold
20%
isn't
20%
like
20%
show
20%
strung
20%

Score Distribution

Percentile by Number Answered

Percent of People with Each Score

Your Score History

You have not taken this quiz